Hardwell Charting Songs (Billboard Hot Dance) - Statistics

General Stats
  • This quiz has been taken 19 times
    13 since last reset
  • The average score is 3 of 7
Answer Stats
Album Weeks On Peak Artist(s) Song % Correct
Hardwell Presents 'Revealed, Vol. 4' 20 Weeks #23 Hardwell ft. Amba Shepherd Apollo
80%
Hardwell Presents 'Revealed, Vol. 3' 20 Weeks #19 Hardwell ft. Mitch Crown Call Me a Spaceman
60%
Non-Album Single 15 Weeks #29 Hardwell & Austin Mahone Creatures of the Night
60%
Non-Album Single 3 Weeks #42 Hardwell & MAKJ Countdown
40%
Non-Album Single 3 Weeks #40 Hardwell ft. Jay Sean Thinking About You
40%
Hardwell Presents 'Revealed, Vol. 5' 23 Weeks #16 Hardwell ft. Matthew Koma Dare You
20%
REBELS NEVER DIE 1 Week #46 Hardwell Into the Unknown
20%
No matching quizzes found
Score Distribution
Percent of People with Each Score
Percentile by Number Answered
Your Score History
You have not taken this quiz since the last reset